000 00352nam a2200157Ia 4500
008 220923s9999 xx 000 0 und d
020 _a9788189804466
082 _bRED
100 _aREDDY, G.B.
245 0 _aJUDICAL ACTIVISM IN INDIA
250 _a2ND
260 _c2013
300 _a632
650 _aJudical Activism In India
942 _cBK
999 _c195813
_d195813